000 01006nas a2200325 4500
001 BR2015003832
003 BR-BrBNA
005 20231205125504.0
007 ta
008 230509b bl.|||p| |||| 00| 00por d
040 _aBR-BrBNA
_bpor
_cBiblioteca Nacional de Agricultura
041 _a(En)
072 _aN10
100 1 _aFurtado, D.A.
100 1 _aAmancio, D.
100 1 _aNascimento, J.W.B. do
100 1 _aGomes, J.P.
100 1 _aSilva, R.C.
245 1 _aThermal performance and concentration of gases in facilities for pigs in semiarid region from State of Paraiba - Brazil
650 _aSUÍNOCULTURA
650 _aINSTALACAO PARA ANIMAL
650 _aBEM-ESTAR
650 _aGAS
650 _aTEMPERATURA
650 _aANALISE
773 0 _tEngenharia Agrícola (Brazil)
_xISSN 1809-4430
_g(Jan-Feb 2012), v. 32(1) p. 30-37
_wBR2015003832
856 4 0 _uhttp://www.scielo.br/pdf/eagri/v32n1/04.pdf
909 _a202311
_bLúcia
_c55
_dLúcia Elande
942 _2AGRIS
_n0
_cANA
999 _c244617
_d244617